|
|
|
|
| LEADER |
00000cam a2200000 7i4500 |
| 001 |
0000004603 |
| 005 |
20151222.0 |
| 008 |
070730 |
| 020 |
|
|
|a 9830573303
|
| 090 |
0 |
0 |
|a CUS
|b MAL
|
| 100 |
0 |
|
|a Jasiman Ahmad
|
| 245 |
1 |
0 |
|a Permainan etnik
|c Jasiman Ahmad
|
| 260 |
|
|
|a Kuala Lumpur :
|b Goodmark Enterprise ,
|c 2004
|
| 440 |
|
0 |
|a Siri permainan traditional
|
| 500 |
|
|
|a Children ages 10-12 years old (pink)
|
| 650 |
|
0 |
|a Games
|x Custom
|
| 650 |
|
0 |
|a Games
|x Traditional
|
| 999 |
|
|
|a 0000013597
|b Book
|c Children Collection
|e Cawangan Taman Universiti
|
| 999 |
|
|
|a 0000013598
|b Book
|c Children Collection
|e Cawangan Taman Universiti
|
| 999 |
|
|
|a 0000013599
|b Book
|c Children Collection
|e Cawangan Taman Universiti
|
| 999 |
|
|
|a 0000013600
|b Book
|c Children Collection
|e Cawangan Taman Universiti
|
| 999 |
|
|
|a 0000978490
|b Book
|c Children Collection
|e Cawangan Bandar Tenggara
|
| 999 |
|
|
|a 0000978491
|b Book
|c Children Collection
|e Cawangan Tmn. Ungku Tun Aminah
|
| 999 |
|
|
|a 0000978492
|b Book
|c Children Collection
|e Cawangan Muar
|
| 999 |
|
|
|a 0000978493
|b Book
|c Children Collection
|e Cawangan Batu Pahat
|
| 999 |
|
|
|a 0000978494
|b Book
|c Children Collection
|e Cawangan Sri Merlong
|